000 00784nam a2200265 i 4500
001 8067
003 ES-MaACL
005 20250830052205.0
007 t|
008 910623s1991 sp ||||1| spa d
020 _a84-7658-267-6
080 _a8.091
100 1 _aResina, Joan Ramon,
_d1956-
_996325
245 1 4 _aLos Usos del clasico /
_cJoan Ramon Resina.
250 _a1a ed.
260 _aBarcelona :
_bAnthropos,
_c1991.
300 _a349 p. ;
_c20 cm.
490 1 _aAmbitos literarios. Ensayo ;
_v36
650 1 7 _aLiteratura comparada
_2embne
_914528
650 1 7 _aLiteratura clásica
_2embne
_914524
830 0 0 _aÁmbitos literarios.
_pEnsayo
_v36
_9236239
852 _aES-MaACL
_jL-15327
_bR.119233
_z. - rust.0
942 _2udc
999 _c8067
_d8067